| 000 | 00380nam a2200157Ia 4500 | ||
|---|---|---|---|
| 008 | 151213s9999 xx 000 0 und d | ||
| 100 | _aAlvin C.Burns | ||
| 245 |
_aMarketing Research _cAlvin C.Burns |
||
| 250 | _a2nd | ||
| 260 |
_aNew Jersey _bPrentic Hall |
||
| 300 | _a2756 p. | ||
| 650 | _aMarketing | ||
| 650 | _aMarketing | ||
| 700 | _aAlvin C.Burns | ||
| 999 |
_c1866 _d1866 |
||